| 000 | 00530nam a22001817a 4500 | ||
|---|---|---|---|
| 999 |
_c3330 _d3330 |
||
| 003 | AR-CdUCM | ||
| 008 | 190306b ||||| |||| 00| 0 eng d | ||
| 040 |
_aMUNICIPALIDAD PROVINCIAL DEL CUSCO _cBIBLIOTECA MUNICIPAL DEL CUSCO |
||
| 041 | _heng. | ||
| 082 |
_a881.35 / _bM41 |
||
| 100 |
_aMelville, Herman _91506 |
||
| 245 |
_aMardi : _bAnd a voyage thither / |
||
| 260 |
_aNew York : _bA signet classic, _c1964. |
||
| 300 |
_a554 paginas ; _c17 cm. |
||
| 650 |
_aLiteratura inglesa _91015 |
||
| 942 |
_2ddc _cLIBROS |
||
| 945 | _arjall | ||